Lost property (Record no. 75141)

MARC details
000 -LEADER
fixed length control field 00558cab a2200169 4500
001 - CONTROL NUMBER
control field L129515
008 - FIXED-LENGTH DATA ELEMENTS--GENERAL INFORMATION
fixed length control field 050426n2005 000 0 eng u
035 ## - SYSTEM CONTROL NUMBER
System control number (Sirsi) u129515
041 ## - LANGUAGE CODE
Language code of text/sound track or separate title eng
245 ## - TITLE STATEMENT
Title Lost property
260 ## - PUBLICATION, DISTRIBUTION, ETC.
Date of publication, distribution, etc. 2005
490 ## - SERIES STATEMENT
Series statement OECD Observer
Volume/sequential designation (246/247) December 2004-January 2005, 9(1)
520 ## - SUMMARY, ETC.
Summary, etc. Discusses the decline in the Japanese housing market with statistics taken from the Japan Real Estate Institute and the OECD economic survey of Japan.
590 ## - LOCAL NOTE (RLIN)
Local note IKA290405
690 ## - LOCAL SUBJECT ADDED ENTRY--TOPICAL TERM (OCLC, RLIN)
Topical term or geographic name as entry element PROPERTY-PROPERTY MARKET
942 ## - ADDED ENTRY ELEMENTS (KOHA)
Suppress in OPAC 0
Holdings
Withdrawn status Lost status Source of classification or shelving scheme Damaged status Not for loan Home library Current library Shelving location Date acquired Total Checkouts Full call number Barcode Date last seen Copy number Price effective from Koha item type
    Dewey Decimal Classification     London London Journal article 26/04/2005   L129515 129515-1001 06/08/2019 1 06/08/2019 Journal article